LEADER 02014nam2 2200469 i 450 001 VAN00051938 005 20260225103201.799 010 $a978-07-923447-9-7 100 $a20060911d1997 |0itac50 ba 101 $aeng 102 $aNL 105 $a|||| ||||| 181 $ai$b e 182 $an 183 $anc 200 0 $a1$fedited by C. E. Aull and R. Lowen 210 $aDordrecht$cKluwer$d1997 215 $aIX, 397 p.$cill.$d24 cm 410 1$1001VAN00096507$12001 $aHistory of topology$1210 $aDordrecht$cKluwer$d1997-2001.$v1 461 1$1001VAN00051935$12001 $aHandbook of the history of general topology$fedited by C. E. Aull and R. Lowen$1210 $aDordrecht$cKluwer$d1997-2001$1215 $a3 volumi$d24 cm$v1 606 $a01A65$xContemporary [MSC 2020]$3VANC025163$2MF 606 $a54-XX$xGeneral topology [MSC 2020]$3VANC020587$2MF 610 $aHistory of mathematics$9KW:K 610 $aInformation$9KW:K 610 $aInteractions$9KW:K 610 $aResearch$9KW:K 610 $aTopology$9KW:K 620 $aNL$dDordrecht$3VANL000068 702 1$aAull$bCharles E.$3VANV038863$4340 702 1$aLowen$bRobert$3VANV040837$4340 712 $aKluwer $3VANV108116$4650 790 1$aAull, C E.$zAull, Charles E.$3VANV038864 790 1$aAull, C.E.$zAull, Charles E.$3VANV259931 790 1$aAull, Charles Edward$zAull, Charles E.$3VANV259932 790 1$aLowen, R.$zLowen, Robert$3VANV259934 801 $aIT$bSOL$c20260327$gRICA 856 4 $u/sebina/repository/catalogazione/documenti/Aull, Lowen - Handbook of the history of general topology - vol. 1.pdf$zAull, Lowen - Handbook of the history of general topology - vol. 1.pdf 899 $aBIBLIOTECA DEL DIPARTIMENTO DI MATEMATICA E FISICA$1IT-CE0120$2VAN08 912 $aVAN00051938 950 $aBIBLIOTECA DEL DIPARTIMENTO DI MATEMATICA E FISICA$d08PREST 54-XX 0190 $e08 4380 I 20060911 996 $a1$961339 997 $aUNICAMPANIA